| 000 | 00747cab a2200253 4500 | ||
|---|---|---|---|
| 001 | WB2644-41 | ||
| 008 | 090401t1990 xxu||||| |||| 00| 0 eng d | ||
| 035 | _a(Sirsi) u15292 | ||
| 041 | _aeng | ||
| 245 | _aFarmers prevent pollution | ||
| 260 | _c1990 | ||
| 350 | _a0 | ||
| 490 |
_aDaily Telegraph _v2/11/90 p6 |
||
| 490 |
_aMAFF News Release _vno 347/90 1 November 1990 (4) |
||
| 520 | _aThere has good take-up of grants under the Farm and Conservation Grant Scheme by farmers, who have spent more than £36m in two years to reduce pollution . | ||
| 650 | _aFARM POLLUTION | ||
| 650 | _aFARM WASTE | ||
| 650 | _aFARMING | ||
| 650 | _aSILAGE | ||
| 650 | _aSLURRY | ||
| 690 | _aRURAL PRACTICE | ||
| 942 | _n0 | ||
| 948 | _c04/03/1997 | ||
| 999 |
_c10010 _d10010 |
||